| 000 | 00740nam a22002177a 4500 | ||
|---|---|---|---|
| 999 |
_c7146 _d7146 |
||
| 003 | GBCCL | ||
| 005 | 20241126110621.0 | ||
| 008 | 180713b ||||| |||| 00| 0 eng d | ||
| 020 | _a9789385194894 | ||
| 020 | _a9385194895 | ||
| 040 | _cgbc | ||
| 082 |
_a261.8 _bMAN |
||
| 100 |
_aManokaran, J N _912640 |
||
| 245 |
_aChrist and migrants : _bBiblical understanding of migration, missional response to migration/ _cJ N Manokaran |
||
| 260 |
_aHyderabad : _b GS Books, _c 2017. |
||
| 300 |
_a207 pages ; _c22 cm |
||
| 650 |
_aEmigration and immigration in the Bible. _912641 |
||
| 650 |
_aEmigration and immigration -- Religious aspects -- Christianity. _912642 |
||
| 650 |
_aChurch work with immigrants. _912643 |
||
| 942 |
_2ddc _cBK _031 |
||